| 000 | 00375nam a22001577a 4500 | ||
|---|---|---|---|
| 003 | MACL | ||
| 005 | 20151124121915.0 | ||
| 008 | 151124b xxu||||| |||| 00| 0 eng d | ||
| 040 | _cMACL | ||
| 041 | _aEnglish | ||
| 082 | _a741-642 | ||
| 100 |
_aPrashar,Reema _918042 |
||
| 245 | _aThe Little Mermaid and Other Stories | ||
| 650 |
_aChildren book _9924 |
||
| 942 |
_2ddc _cBK |
||
| 999 |
_c50973 _d50973 |
||